000 00225nam a22000857a 4500
008 161101b xxu||||| |||| 00| 0 eng d
100 _91004
_aSharma.S.C.
245 _aAccountancy-XI
260 _aNew Delhi
_bDhanpat publications
_c2011
999 _c3664
_d3664